| 000 -LEADER |
| fixed length control field |
01519cam a2200349 a 4500 |
| 001 - CONTROL NUMBER |
| control field |
11910347 |
| 005 - DATE AND TIME OF LATEST TRANSACTION |
| control field |
20170208163750.0 |
| 008 - FIXED-LENGTH DATA ELEMENTS--GENERAL INFORMATION |
| fixed length control field |
000211s2001 nyuab bk 001 0 eng |
| 010 ## - LIBRARY OF CONGRESS CONTROL NUMBER |
| LC control number |
00021587 |
| 020 ## - INTERNATIONAL STANDARD BOOK NUMBER |
| International Standard Book Number |
0810934469 (Abrams) |
| 020 ## - INTERNATIONAL STANDARD BOOK NUMBER |
| International Standard Book Number |
0130197327 (PH) |
| 020 ## - INTERNATIONAL STANDARD BOOK NUMBER |
| International Standard Book Number |
0130197297 (PH : pbk. : v. 1) |
| 020 ## - INTERNATIONAL STANDARD BOOK NUMBER |
| International Standard Book Number |
0130197319 (PH : pbk. : v. 2) |
| 020 ## - INTERNATIONAL STANDARD BOOK NUMBER |
| International Standard Book Number |
0810941597 (book club : jkt.) |
| 020 ## - INTERNATIONAL STANDARD BOOK NUMBER |
| International Standard Book Number |
0810929864 (book club : pbk.) |
| 040 ## - CATALOGING SOURCE |
| Original cataloging agency |
DLC |
| Transcribing agency |
DLC |
| Modifying agency |
DLC |
| 050 00 - LIBRARY OF CONGRESS CALL NUMBER |
| Classification number |
N5300 |
| Item number |
.J3 2001 |
| 100 1# - MAIN ENTRY--PERSONAL NAME |
| Personal name |
Janson, H. W. |
| Fuller form of name |
(Horst Woldemar), |
| Dates associated with a name |
1913-1982. |
| 245 10 - TITLE STATEMENT |
| Title |
History of art / |
| Statement of responsibility, etc. |
H.W. Janson, Anthony F. Janson. |
| 250 ## - EDITION STATEMENT |
| Edition statement |
6th ed. |
| 260 ## - PUBLICATION, DISTRIBUTION, ETC. (IMPRINT) |
| Place of publication, distribution, etc. |
New York : |
| Name of publisher, distributor, etc. |
Harry N. Abrams, |
| Date of publication, distribution, etc. |
2001. |
| 300 ## - PHYSICAL DESCRIPTION |
| Extent |
997 p. : |
| Other physical details |
ill. (some col.), col. map ; |
| Dimensions |
30 cm. |
| 504 ## - BIBLIOGRAPHY, ETC. NOTE |
| Bibliography, etc |
Includes bibliographical references (p. 950-958) and index. |
| 504 ## - BIBLIOGRAPHY, ETC. NOTE |
| Bibliography, etc |
Discography: p. 959. |
| 650 #0 - SUBJECT ADDED ENTRY--TOPICAL TERM |
| Topical term or geographic name as entry element |
Art |
| General subdivision |
History. |
| 700 1# - ADDED ENTRY--PERSONAL NAME |
| Personal name |
Janson, Anthony F. |
| 906 ## - LOCAL DATA ELEMENT F, LDF (RLIN) |
| a |
7 |
| b |
cbc |
| c |
orignew |
| d |
1 |
| e |
ocip |
| f |
20 |
| g |
y-gencatlg |
| 942 ## - ADDED ENTRY ELEMENTS (KOHA) |
| Source of classification or shelving scheme |
|
| Koha item type |
Hard Covered Materials |
| Classification part |
N 5300 .J3 2001 |